| 000 | 01764cam a22004097a 4500 | ||
|---|---|---|---|
| 090 | _c0 | ||
| 001 | 13299001 | ||
| 005 | 20061219145657.0 | ||
| 008 | 030801s2003 enka 001 0 eng | ||
| 010 | _a2003270751 | ||
| 015 | _aGBA2-V5085 | ||
| 020 | _a0071408576 | ||
| 020 | _a0071412824 (BOOK) | ||
| 020 | _a0071412832 (CDROM) | ||
| 035 | _a(OCoLC)ocm50495877 | ||
| 040 |
_aUKM _cUKM _dAZS _dDLC |
||
| 042 | _alccopycat | ||
| 050 | 0 | 0 |
_aHF7695 _b.H86 2003 |
| 082 | 0 | 4 |
_a658.1554024384 _221 _bHUN |
| 100 | 1 | _aHunter, Jane M. | |
| 245 | 1 | 0 |
_aTelecommunications Billing Systems : _bImplementing and Upgrading for Profitability / _cJane M. Hunter and Maud E. Thiebaud. |
| 260 |
_aNew York : _aLondon : _bMcGraw-Hill, _cc2003. |
||
| 300 |
_axix, 458 p. : _bill. ; _c24 cm. + _e1 CD-ROM (4 3/4 in.) |
||
| 440 | 0 | _aMcGraw-Hill TELECOM professional | |
| 500 | _aCD-ROM in pocket. | ||
| 500 | _aIncludes index. | ||
| 650 | 0 |
_aTelecommunication _xAccounting. |
|
| 650 | 0 |
_aInvoices _xData processing. |
|
| 700 | 1 | _aThiebaud, Maud E. | |
| 856 | 4 | 2 |
_3Contributor biographical information _uhttp://www.loc.gov/catdir/bios/mh041/2003270751.html |
| 856 | 4 | 1 |
_3Table of contents _uhttp://www.loc.gov/catdir/toc/mh041/2003270751.html |
| 856 | 4 | 2 |
_3Publisher description _uhttp://www.loc.gov/catdir/enhancements/fy0704/2003270751-d.html |
| 942 |
_2ddc _cBB |
||
| 999 |
_c10636 _d10636 |
||